[Event "Niedersachsen-ch U16"]
[Site "Rotenburg"]
[Date "2012.03.31"]
[Round "1"]
[White "Oehne, Timo"]
[Black "Thiem, Hendrik"]
[Result "1-0"]
[WhiteElo "1901"]
[BlackElo "1577"]
[PlyCount "79"]
[EventDate "2012.03.31"]
[EventType "swiss"]
[EventRounds "9"]
[EventCountry "GER"]
[SourceTitle "EXT 2015"]
[Source "ChessBase"]
[SourceDate "2014.11.20"]
[SourceVersion "1"]
[SourceVersionDate "2014.11.20"]
[SourceQuality "1"]

1. e4 e6 2. d4 b6 3. Be3 Bb7 4. Nd2 Nf6 5. Bd3 d5 6. e5 Nfd7 7. f4 c5 8. c3 Nc6 9. a3 Be7 10. Ngf3 h6 11. 0-0 Qc7 12. Kh1 f5 13. c4 Ba6 14. Qe2 cxd4 15. Nxd4 Nf8 16. cxd5 Nxd4 17. Bxd4 Bxd3 18. Qxd3 Qd7 19. d6 Bd8 20. Rac1 g5 21. Qf3 Rb8 22. Rc3 g4 23. Qe2 Rc8 24. Rfc1 Rxc3 25. Rxc3 h5 26. Qc4 Rh7 27. a4 h4 28. Qb5 h3 29. gxh3 gxh3 30. Rg3 a6 31. Qxd7+ Nxd7 32. b4 Nb8 33. b5 axb5 34. axb5 Nd7 35. Nc4 Nc5 36. Bxc5 bxc5 37. Rg8+ Kd7 38. b6 Bxb6 39. Nxb6+ Kc6 40. d7 1-0